000
00292nam a22001217a 4500
082
_a
005.3 JOL'M
100
_a
JOLLES, ANTONIA S
_9
60788
245
_a
MASTERING PAGEMAKER ON THE IBM PC
250
_a
2ND
260
_a
NEW DELHI
_b
BPB PUBLICATIONS
_c
1989
300
_a
384P
942
_c
BK
999
_c
570427
_d
570427